| Tag |
First Indicator |
Second Indicator |
Subfields |
| LEADER |
00000cam a2200000 4500 |
| 001 |
in00000279621 |
| 005 |
20151010072344.0 |
| 008 |
700821s1970 nyua b 00010 eng d |
| 010 |
|
|
|a 78123738
|
| 020 |
|
|
|a 047108400X
|
| 035 |
|
|
|a (OCoLC)00091138
|
| 035 |
|
|
|9 ABE9095AM
|
| 040 |
|
|
|a DLC
|c DLC
|d IAV
|d TXA
|d UtOrBLW
|
| 049 |
|
|
|a TXAM
|c [1021726]
|
| 050 |
0 |
0 |
|a BF455
|b .B564
|
| 100 |
1 |
|
|a Blumenthal, Arthur L.
|
| 245 |
1 |
0 |
|a Language and psychology ;
|b historical aspects of psycholinguistics /
|c [by] Arthur L. Blumenthal.
|
| 264 |
|
1 |
|a New York :
|b Wiley,
|c [1970]
|
| 300 |
|
|
|a xii, 248 pages :
|b illustrations
|
| 336 |
|
|
|a text
|b txt
|2 rdacontent
|
| 337 |
|
|
|a unmediated
|b n
|2 rdamedia
|
| 338 |
|
|
|a volume
|b nc
|2 rdacarrier
|
| 490 |
1 |
|
|a Perspectives in psychology
|
| 504 |
|
|
|a Includes bibliographical references.
|
| 650 |
|
0 |
|a Psycholinguistics.
|
| 830 |
|
0 |
|a Perspectives in psychology.
|
| 999 |
|
|
|a MARS
|
| 999 |
f |
f |
|s cf6eb923-17dd-3263-b1bb-0eca3e52fcfa
|i 9a857c05-68ae-30cd-af94-945fd9d8f23e
|t 0
|
| 952 |
f |
f |
|p ric
|a Texas A&M University
|b Rellis Campus
|c Joint Library Facility
|d Remote Storage
|t 0
|e BF455 .B564
|h Library of Congress classification
|i unmediated -- volume
|m A14801680410
|
| 998 |
f |
f |
|a BF455 .B564
|t 0
|l Remote Storage
|